Bogoliubov laboratory of the theoretical physics (Запись № 3147029)

Подробности
000 -МАРКЕР
контрольное поле 01617nam0a2200289 4500
001 - ИДЕНТИФИКАТОР ЗАПИСИ
контрольное поле RU\NLR\b_ik\136013
005 - ИДЕНТИФИКАТОР ВЕРСИИ
контрольное поле 20260406124927.0
035 ## - ДРУГИЕ СИСТЕМНЫЕ НОМЕРА
Идентификатор записи (NLR Aleph) 002209296
100 ## - ДАННЫЕ ОБЩЕЙ ОБРАБОТКИ
Данные общей обработки 20051018d2003 |||y0rusy50 ca
101 0# - ЯЗЫК РЕСУРСА
Язык текста, звукозаписи и т.д. английский
102 ## - СТРАНА ПУБЛИКАЦИИ ИЛИ ПРОИЗВОДСТВА
Страна публикации российская федерация
105 ## - ПОЛЕ КОДИРОВАННЫХ ДАННЫХ: ТЕКСТОВЫЕ МАТЕРИАЛЫ, МОНОГРАФИЧЕСКИЕ
Кодированные данные о монографическом текстовом документе a |||||||||
200 1# - ЗАГЛАВИЕ И СВЕДЕНИЯ ОБ ОТВЕТСТВЕННОСТИ
Основное заглавие Bogoliubov laboratory of the theoretical physics
Сведения, относящиеся к заглавию annual report
-- Report to the 95th Session of the JINR Scientific council, January 15-16, 2004
Первые сведения об ответственности A.N. Sissakian
210 ## - ПУБЛИКАЦИЯ, РАСПРОСТРАНЕНИЕ И ДР.
Место издания, распространения и т.д. Dubna
Имя издателя, распространителя и т. д. Joint inst. for nuclear research
Дата издания, распространения и т.д. 2003
215 ## - ФИЗИЧЕСКАЯ ХАРАКТЕРИСТИКА
Специфическое обозначение материала и объем 14, [1] с.
Другие сведения о физической характеристике граф.
Размеры 22
225 1# - СЕРИЯ
Основное заглавие серии Joint institute for nuclear research
Обозначение тома 2003-239
601 02 - НАИМЕНОВАНИЕ ОРГАНИЗАЦИИ КАК ПРЕДМЕТ
Начальный элемент ввода Объединенный институт ядерных исследований
Структурное подразделение организации Лаборатория теоретической физики им. Н.Н.Боголюбова
Идентифицирующий признак Дубна, город; Московская область
Формальный подзаголовок Годовые отчеты
Тематический подзаголовок Научно-исследовательская работа
Системный номер авторитетной/нормативной записи 2084263
Идентификатор авторитетной/нормативной записи RU\NLR\AUTH\661260346
686 4# - ИНДЕКСЫ ДРУГИХ КЛАССИФИКАЦИЙ
Индекс В31е(2)л2-15
700 #1 - ИМЯ ЛИЦА - ПЕРВИЧНАЯ ОТВЕТСТВЕННОСТЬ
Код отношения Автор
Графика поля Латинская
Материалы, к которым относится поле rus
Начальный элемент ввода Sisakjan
Часть имени, кроме начального элемента ввода A. N.
Дополнения к именам, кроме дат д-р физ. мат. наук
Даты 1944-2010
Расширение инициалов личного имени Aleksej Norajrovič
Системный номер авторитетной/нормативной записи 224542
Идентификатор авторитетной/нормативной записи RU\NLR\AUTH\770224598
711 02 - НАИМЕНОВАНИЕ ОРГАНИЗАЦИИ - АЛЬТЕРНАТИВНАЯ ОТВЕТСТВЕННОСТЬ
Код отношения Автор
Материалы, к которым относится поле eng
Начальный элемент ввода Joint institute for nuclear research
Идентифицирующий признак Dubna
Структурное подразделение Bogoliubov laboratory of theoretical physics
Графика поля Латинская
Идентификатор авторитетной/нормативной записи RU\NLR\AUTH\8817953
Системный номер авторитетной/нормативной записи 309136
801 #0 - ИСТОЧНИК ЗАПИСИ
Страна российская федерация
Организация NLR
Дата составления 20051018
Правила каталогизации PSBO
830 ## - ОБЩЕЕ ПРИМЕЧАНИЕ, СОСТАВЛЕННОЕ КАТАЛОГИЗАТОРОМ
Текст примечания Отчет лаборатории теоретической физики Боголюбова
942 ## - ДОПОЛНИТЕЛЬНЫЕ ЭЛЕМЕНТЫ ЗАПИСИ (АБИС)
Тип экземпляра АБИС Книга
980 ## - КОЛЛЕКЦИЯ
Название коллекции Национальная библиография
Экземпляры
Тип экземпляра Дата поступления Источник поступления Библиотека постоянного хранения Библиотека текущего хранения Место хранения Шифр хранения Штрих-код Статус не для выдачи Публичное примечание
Книга 18.10.2005 Обязательный экземпляр РНБ (Московский) РНБ (Московский) Иностранный книжный фонд Ик 2005-6/82 1045358   ;